000 01709nam a22003494i 4500
999 _c64198
_d64198
001 318408301
003 CO-MdFUSB
005 20180220111942.0
008 090408t20092008miu g b 001 0 eng d
020 _a9780825420153
020 _a0825420156
040 _aBTCTA
_dDTM
_dSGB
_dCO-MdFUSB
_bspa
_cCO-MdFUSB
_erda
041 _aeng
082 _224
_aG 230.041
_bAL374e
100 1 _aAlexander, T. Desmond.
_eautor
242 1 4 _aDel Edén a la nueva Jerusalén
_b: una introducción a la teología bíblica
_lInglés
245 1 0 _aFrom Eden to the new Jerusalem
_b: an introduction to biblical theology
_c/ T. Desmond Alexander
264 1 _aGrand Rapids, Mich. :
_bKregel Academic & Professional ;
_c℗2009
264 4 _c©2008
300 _a208 páginas
_c22 cm.
_b:
336 _2rdacontent
_atexto
_btxt
337 _2rdamedia
_asin mediación
_bn
338 _2rdacarrier
_avolumen
_bnc
500 _aPrimera publicación : Leicester, Engl. : Inter-Varsity Press, 2008.
501 _aIncluye indice de referencias bíblicas (páginas 202-208)
504 _aIncluye referencias bibliográficas (páginas 193-201)
505 0 _tDel jardín sagrado a la ciudad santa: Experimentando la presencia de Dios. --
_tArrojado del trono: restablecer la soberanía de Dios. --
_tTratar con el diablo: destruir la fuente del mal. --
_tLa matanza del Cordero: lograr la redención de la creación. --
_tFestejar desde el árbol de la vida: revigorizar las vidas de personas de todas las naciones. --
_tCimientos sólidos y muros sólidos: vivir de forma segura entre el pueblo de Dios.
563 _aTapa rústica
650 7 _aTeología bíblica
_9320
942 _cBK